Introduction to nonlinear science

Na minha lista:
Detalhes bibliográficos
Autor principal: Nicolis, Gregoire (Autor)
Formato: Livro
Idioma:inglês
Publicado em: Cambridge Cambridge University 1995
Assuntos:
Tags: Adicionar Tag
Sem tags, seja o primeiro a adicionar uma tag!

MARC

LEADER 00000nam a2200000 a 4500
001 UCR5431
003 CL-VaPUC
008 980327e19950000uk |||||||||||||||||eng|d
082 0 4 |a 500  |b NIC  |2 21 
100 |a Nicolis, Gregoire  |e author  |9 406353 
245 1 0 |a Introduction to nonlinear science 
300 |a 254 p 
942 |c BK 
945 |d 19980327 00:00:00  |a rbrito 
260 |a Cambridge  |b Cambridge University  |c 1995 
650 7 |a CIENCIA NO LINEAR  |2 CL-VaPUC  |9 406354 
650 0 |a Dinámica de fluidos  |9 260582 
650 7 |a MACROSCOPIA  |2 CL-VaPUC  |9 406355 
650 7 |a NUMEROS FINITOS  |2 CL-VaPUC  |9 406356 
650 0 |a Análisis lineal   |9 379800 
650 0 |a Análisis no lineal  |9 424986 
650 7 |a ESTABILIDAD  |2 CL-VaPUC  |9 330601 
650 7 |a RESONANCIA  |2 CL-VaPUC  |9 356868 
583 |a last modification  |c 20130806 06:05:34  |k Rodrigo Vera 
999 |c 268029  |d 268027 
952 |0 0  |1 0  |4 0  |6 500_000000000000000_NIC_1995  |7 0  |8 A  |9 300888  |a BIBCUR  |b BIBCUR  |d 2019-11-20  |i 3409309  |o 500 NIC 1995  |p 3409309  |r 2025-04-22  |w 2019-11-20  |y BK  |k FIS